Rock the Boat : Boats, Cabins and Homes on the Water /

Gespeichert in:
Bibliographische Detailangaben
1. Verfasser: Kotmair, Alisa (Verfasst von)
Weitere Verfasser: Klanten, Robert (Herausgegeben von), Funk, Maximilian (Herausgegeben von)
Format: Buch
Sprache:Englisch
Veröffentlicht: Berlin : Die Gestalten Verlag GmbH & Co. KG, 2017
Ausgabe:1. vydanie
Schlagworte:
Tags: Tag hinzufügen
Keine Tags, Fügen Sie das erste Tag hinzu!

MARC

LEADER 00000nam a22000003a 4500
001 0066170
003 SK-STU
005 20190401105410.1
007 ta
008 180711s ----xo-----e------000-0-----d
020 |a 978-3-89955-916-3 
040 |a STU  |b slo 
041 0 |a eng 
044 |a gw 
100 1 |a Kotmair, Alisa  |4 aut 
245 1 0 |a Rock the Boat :  |b Boats, Cabins and Homes on the Water /  |c aut. Alisa Kotmair ; ed. Robert Klanten, Maximilian Funk 
250 |a 1. vydanie 
260 |a Berlin :  |b Die Gestalten Verlag GmbH & Co. KG,  |c 2017 
300 |a 272 s. 
650 0 7 |a obytné budovy 
650 0 7 |a bývanie na vode 
650 0 7 |a malé lode 
650 0 7 |a hausbot 
650 0 7 |a water 
700 1 |a Klanten, Robert  |4 edt 
700 1 |a Funk, Maximilian  |4 edt 
996 |b 284AU07602  |c A* 10851/U  |l AAKNST  |s P  |a 0  |w 0066170_0001